000 00706nam a2200217 a 4500
001 000017431
005 20240412074247.0
008 100324t2000 ag a 001 p spa d
040 _aDO-SdBNP
_bspa
_cBNPHU
082 _aRD861.44
_bB333c
100 1 _aBatista, León Félix,
_d1964-
_912031
245 1 0 _aCrónico /
_cLeón Félix Batista.
260 _aBuenos Aires, Argentina :
_bTsé=Tsé,
_c2000.
300 _a106 p. :
_bil. ;
_c20 cm.
500 _aIncluye datos biográficos del autor
590 _aInventariado, 2018/LP
650 0 _aPoesía dominicana
_966
650 4 _aPoesía erótica dominicana
_938116
650 0 _aLiteratura dominicana.
_967
910 _aValidado. Control de calidad EMS.
999 _c16956
_d16956